Statistics for Sorting Elements by Atomic Numbers

Click here to take the quiz!

General Stats

  • This quiz has been taken 31 times
  • The average score is 8 of 15

Answer Stats

ElementsArranged% Correct
H Cl N MnH N Cl Mn
100%
V S K CrS K V Cr
95%
Fe Sc C Na OC O Na Sc Fe
81%
He Be Si Cu TiHe Be Si Ti Cu
76%
B Ca F Li Ne CoLi B F Ne Ca Co
67%
Rf Ag Rn BaAg Ba Rn Rf
48%
Sr Er Mo NoSr Mo Er No
48%
Ce Br Kr Zn PuZn Br Kr Ce Pu
48%
Sg Ir I RuRu I Ir Sg
43%
Yb Tc W In AcTc In Yb W Ac
38%
Pt Tb At PmPm Tb Pt At
33%
Rb Nd Ds Lr RaRb Nd Ra Lr Ds
33%
Bi Pa Am Sn Se OsSe Sn Os Bi Pa Am
33%
Mt Fm Re Po Gd RgGd Re Po Fm Mt Rg
29%
Pd Hs Cn Tl NbNb Pd Tl Hs Cn
29%

Score Distribution

Percentile by Number Answered

Percent of People with Each Score

Your Score History

You have not taken this quiz